| 000 | 01172nam a2200373 i 4500 | ||
|---|---|---|---|
| 001 | 52440 | ||
| 003 | KOSZ 005 | ||
| 005 | 20221116123748.0 | ||
| 008 | 030425s2003 pl a f |000 0 pol | ||
| 015 | _aPB 2003/7620 | ||
| 020 | _a8320814391 | ||
| 040 |
_aWA N _cWA N _dKOSZ 005/HR |
||
| 041 | 0 | _apol | |
| 046 | _k2003 | ||
| 080 | _a005 | ||
| 080 | _a(075.8) | ||
| 100 | 1 |
_aZimniewicz, Kazimierz _eAutor |
|
| 245 | 1 | 0 |
_aWspółczesne koncepcje i metody zarządzania / _cKazimierz Zimniewicz. |
| 250 | _aWyd. 2 zm. | ||
| 260 |
_aWarszawa : _bPolskie Wydawnictwo Ekonomiczne, _c2003. |
||
| 300 |
_a247, [1] s. : _bil. ; _c21 cm. |
||
| 336 |
_2rdacontent _aTekst _btxt |
||
| 337 |
_2rdamedia _aBez urządzenia pośredniczącego _bn |
||
| 338 |
_2rdacarrier _aWolumin _bnc |
||
| 380 | _aKsiążki | ||
| 388 | _a2001- | ||
| 504 | _aBibliogr. | ||
| 650 | 4 | _aZarządzanie | |
| 655 | 4 | _aPodręczniki akademickie | |
| 658 | _aZarządzanie i marketing | ||
| 710 | 2 |
_aPolskie Wydawnictwo Ekonomiczne _4pbl. |
|
| 856 |
_uhttp://koha.tu.koszalin.pl/cgi-bin/koha/opac-detail.pl?biblionumber=52440 _yKatalog online BPK |
||
| 942 |
_2UKD _cKS |
||
| 999 |
_c52440 _d52440 |
||